000 01068nam a22003137a 4500
001 0074
003 DO-SdBNP
005 20221107095802.0
008 151106b sp 1989 xxu|| 00| 0 spa d
020 _a8420733539
040 _aBPMSU
_bspa
_cBPMSU
082 _a813.4
_bT969u 1989
_222
100 1 _aTwain, Mark,
_d1835-1910
245 1 3 _aUn yanqui en la corte del rey Arturo /
_cMark Twain ; traducción Juan Fernando Merino ; ilustración Dan Beard
260 _aMadrid, España :
_bAnaya,
_c1989.
300 _a397 p. :
_bil.,
_c20 cm.
490 0 _aAventuras ;
_aTus libros,
_v89
500 _3Incluye referencias bibliográficas y notas la pie de las páginas
504 _aIncluye referencias bibliográficas y notas al pie de las páginas
504 _aBibliografías : p. 396-397
590 _6Inventariado, 2022/VM
650 4 _aNovela estadounidense
650 4 _aReyes y soberanos
_vNovela
700 1 _aMerino, Juan Fernando,
_etr.
700 1 _aBeard, Dan,
_eil.
910 _aBrenda Tavárez/ VMateo V./Validado
942 _2ddc
_cBK
956 _a
999 _c8590
_d8590